| 000 | 01173nam a2200289 4500 | ||
|---|---|---|---|
| 001 | 0000020321 | ||
| 003 | CO-CtgCURN | ||
| 005 | 20250513153849.0 | ||
| 008 | 160627s2002 000 0 eng d | ||
| 020 | _a958690380X | ||
| 040 |
_aCO-CtgCURN _bspa _ccoctgcurn |
||
| 082 | 0 |
_a345 _bF15p |
|
| 100 | 1 | _aFalla Sánchez, Alberto. | |
| 245 | 1 | 4 |
_aLas penas en Colombia : _bconforme con el nuevo Código penal / _cAlberto Falla Sánchez. |
| 260 |
_aBogotá : _bEditorial Leyer, _c2002. |
||
| 300 | _aiv, 112 p. | ||
| 336 | _2rdacontent | ||
| 337 |
_2rdamedia _asin mediacion _bn |
||
| 338 |
_2rdacarrier _avolumen _bnc |
||
| 500 | _anotas bibliograficas de pie de pagina. | ||
| 504 | _aBibliografia (p. 111-112) | ||
| 505 | 8 | _aLa pena general.--De las distintas clases de penas.--Determinacion de la pena.--Metodos de dosificacion.--Parametros para la determinacion de minimos y maximos.--El marco penal o punitivo.--Fases en el proceso de individualizacion de la pena.--Las medidas de seguridad | |
| 650 | 0 |
_aPenas _vClasificacion. |
|
| 908 | _a160627 | ||
| 942 |
_cBK _h345 _iF15p _2ddc _n0 |
||
| 999 |
_c19732 _d19732 |
||